00422nam a2200193Ia 4500003000900000008004100009040001300050040001300063041000800076100002200084245004100106250001200147260001200159260000900171300001100180300001200191490001800203490000700221IT-RoPAU120407s9999 xx 000 0 und d aIT-RoPAU cIT-RoPAU aita aEd Parish Danders aPaolo, la legge e il popolo giudaico aBrescia aPaideia c1989 a363 p. c21,5 cm aStudi biblici v86